000 00511nam a2200193Ia 4500
005 20230417102456.0
008 131103s9999 xx 000 0 und d
040 _aLoreto College
041 _aEnglish
082 _a823.5
_bSWI-JEF
245 _aSwift
_cedited by A.Norman Jeffares
260 _aLondon
_bMacmillan
_c1968
300 _a279 p.
440 _aModern Judgements
504 _aIncludes biblographical references and index
700 _aJeffares,A.Norman,ed.
850 _aLCLIB
942 _cBK
999 _c5639
_d56118